Women in Arab society : (Record no. 124893)

MARC details
000 -LEADER
fixed length control field 00803nam a22002177a 4500
005 - DATE AND TIME OF LATEST TRANSACTION
control field 20170124105946.0
010 ## - LIBRARY OF CONGRESS CONTROL NUMBER
LC control number A-462538
020 ## - INTERNATIONAL STANDARD BOOK NUMBER
Terms of availability 00.00
International Standard Book Number 0854967249
020 ## - INTERNATIONAL STANDARD BOOK NUMBER
Terms of availability 00.00
International Standard Book Number 9231026550 (unesco)
037 ## - SOURCE OF ACQUISITION
Source of stock number/acquisition Cen Lib/Ret
040 ## - CATALOGING SOURCE
Original cataloging agency DPL
Language of cataloging EN
082 ## - DEWEY DECIMAL CLASSIFICATION NUMBER
Classification number 305.488927
Item number SHA
245 #r - TITLE STATEMENT
Title Women in Arab society :
Statement of responsibility, etc by Seteney Shami...[et al.]
Remainder of title work patterns and gender relation in Egypt, Jorden and Sudan /
260 ## - PUBLICATION, DISTRIBUTION, ETC. (IMPRINT)
Name of publisher, distributor, etc UNESCO
Place of publication, distribution, etc Paris
Date of publication, distribution, etc 1990
270 ## - ADDRESS
Address 7 Place de Fontenoy
City Paris (France)
Postal code 75700
300 ## - PHYSICAL DESCRIPTION
Extent xix,217p. :
Dimensions 22m(Hb)
Other physical details ill.
650 ## - SUBJECT ADDED ENTRY--TOPICAL TERM
Topical term or geographic name as entry element Rural women -- Employment -- Arab countries -- Case studies.
9 (RLIN) 12306
650 ## - SUBJECT ADDED ENTRY--TOPICAL TERM
Topical term or geographic name as entry element Rural women -- Employment -- Egypt -- Case studies.
9 (RLIN) 12307
700 ## - ADDED ENTRY--PERSONAL NAME
Personal name Shami, Seteney
9 (RLIN) 12294
942 ## - ADDED ENTRY ELEMENTS (KOHA)
Source of classification or shelving scheme Dewey Decimal Classification
Koha item type English Books
Classification part 305.488927
Call number suffix SHA
Holdings
Withdrawn status Lost status Damaged status Not for loan Home library Current library Date acquired Source of acquisition Cost, normal purchase price Total Checkouts Full call number Barcode Date last seen Copy number Cost, replacement price Price effective from Koha item type
        Central Library Central Library 18/06/2015 Cen Lib/Ret 0.00   305.488927 SHA A-462538 18/06/2015 1 0.00 18/06/2015 English Books

© Delhi Public Library
Hit Counter
free hit counter